000 01578nam0a2200361 4500
001 RU\NLR\BIBL_A\011402034
005 20250702164414.0
010 _a9785934374373
_92000
021 _aRU
_b2017-36401
_92665
035 _a(RuMoRGB)008888353
035 _a(NLR Aleph) 011402034
090 _a11513368
_c11513368
100 _a20170608d2017 c y0rusy50 ca
101 0 _arus
102 _aRU
105 _aa z 000ay
200 1 _aСказочный путеводитель по Царскому Селу и Павловску
_e[книга для детей]
_fЮ. А. Скоробогатова
_g[рисунки Е. П. Кузнецовой]
210 _aСанкт-Петербург
_cПаритет
_d2017
215 _a126, [1] с.
_cцв. ил.
_d27
333 _a6+
607 _aПушкин, город (Санкт-Петербург, город)
_jПутеводители для детей
_92473223
_3RU\NLR\AUTH\661468710
607 _aПавловск, город (Санкт-Петербург, город)
_jПутеводители для детей
_91084177
_3RU\NLR\AUTH\66105309
686 _aШ9(2)6=Р70-2
_2rubbk
686 0 _aШ9
_bД891
686 0 _aШ9(2)60=Р7-2
700 1 _aСкоробогатова
_bЮ. А.
_gЮлия Александровна
702 1 _4440
_7ca
_8rus
_aКузнецова
_bЕ. П.
_cиллюстратор
_gЕкатерина Петровна
_9175454
_3RU\NLR\AUTH\770175505
942 _cBOOK
980 _aNBR